Frankwood's Business Accounting Basics (Record no. 17073)

MARC details
000 -LEADER
fixed length control field 00350nam a22001337a 4500
008 - FIXED-LENGTH DATA ELEMENTS--GENERAL INFORMATION
fixed length control field 180730b xxu||||| |||| 00| 0 eng d
020 ## - INTERNATIONAL STANDARD BOOK NUMBER
International Standard Book Number 0273725008
050 ## - LIBRARY OF CONGRESS CALL NUMBER
Classification number HF5636
Item number .W858 2010 c.1
100 ## - MAIN ENTRY--PERSONAL NAME
Personal name Wood, Frank
245 ## - TITLE STATEMENT
Title Frankwood's Business Accounting Basics
Statement of responsibility, etc. Frank Wood
300 ## - PHYSICAL DESCRIPTION
Extent xiii, 311p.
650 ## - SUBJECT ADDED ENTRY--TOPICAL TERM
Topical term or geographic name as entry element Accounting
942 ## - ADDED ENTRY ELEMENTS (KOHA)
Source of classification or shelving scheme Library of Congress Classification
Koha item type General Collection
Holdings
Withdrawn status Lost status Source of classification or shelving scheme Not for loan Home library Current library Date acquired Cost, normal purchase price Total Checkouts Total Renewals Full call number Barcode Date last seen Date last checked out Price effective from Koha item type
    Library of Congress Classification   Kabarak, Main Campus Kabarak, Main Campus 30/07/2018 6093.00 32 3 HF5636 .W858 2010 c.1 031355 04/04/2024 06/03/2024 30/07/2018 General Collection
Designed with assistance from East African Informatics Ltd